000 00339 a2200157 4500
001 152346
040 _cEscola São Tomás de Aquino
100 _aOLIVEIRA, José Carlos
240 1 0 _aCrônicas 6
_lpor
245 1 0 _aCrônicas 6
300 _a99
362 0 _a2008
440 1 _aÁtica
697 _a*LITERATURA JUVENIL
942 _cBK
999 _c152346
_d152346